000 00493nam a2200193 a 4500
001 9171
003 CO-ViMGA
008 141112s2004 ck r 000 u spa d
040 _aCO-ViMGA
_bspa
_cCO-ViMGA
082 0 4 _aR004.32 D994
100 1 _aPeter ; Dyson,
_99638
245 1 0 _aDiccionario de Redes
260 _aSantafé de Bogotá :
_bMc Graw Hill,
_c1997
300 _a269p.
650 1 4 _aDICCIONARIO
_99639
650 1 4 _aINFORMATICA
_99640
650 1 4 _aREDES
_97668
942 _2ddc
_cBK
999 _c20712
_d20712